Dynamique de la recherche en sciences sociales : les poles de la pratique methodologique (Record no. 23829)

MARC details
000 -LEADER
fixed length control field 01017nam a22002777a 4500
005 - DATE AND TIME OF LATEST TRANSACTION
control field 20200610094457.0
008 - FIXED-LENGTH DATA ELEMENTS--GENERAL INFORMATION
fixed length control field 200610b xxu||||| |||| 00| 0 fre d
040 ## - CATALOGING SOURCE
Original cataloging agency LB-BrCRDP
082 ## - DEWEY DECIMAL CLASSIFICATION NUMBER
Classification number 300.18 B914d
100 ## - MAIN ENTRY--PERSONAL NAME
Personal name Paul de Bruyne
245 ## - TITLE STATEMENT
Title Dynamique de la recherche en sciences sociales : les poles de la pratique methodologique
260 ## - PUBLICATION, DISTRIBUTION, ETC.
Place of publication, distribution, etc. Paris
Name of publisher, distributor, etc. Presses universitaires de France
Date of publication, distribution, etc. 1974
300 ## - PHYSICAL DESCRIPTION
Extent 240 p.
Dimensions 21 cm.
490 ## - SERIES STATEMENT
Series statement Collection SUP.; Sociologue, 39
630 ## - SUBJECT ADDED ENTRY--UNIFORM TITLE
Uniform title Social sciences -- Research.
630 ## - SUBJECT ADDED ENTRY--UNIFORM TITLE
Uniform title Social sciences -- Methodology.
630 ## - SUBJECT ADDED ENTRY--UNIFORM TITLE
Uniform title sciences sociales -- * méthodologie.
630 ## - SUBJECT ADDED ENTRY--UNIFORM TITLE
Uniform title Sciences sociales -- Recherche.
630 ## - SUBJECT ADDED ENTRY--UNIFORM TITLE
Uniform title Sciences sociales -- Méthodologie.
630 ## - SUBJECT ADDED ENTRY--UNIFORM TITLE
Uniform title Sociologie -- Recherche.
630 ## - SUBJECT ADDED ENTRY--UNIFORM TITLE
Uniform title Sociologie -- Méthodologie.
630 ## - SUBJECT ADDED ENTRY--UNIFORM TITLE
Uniform title sciences sociales.
630 ## - SUBJECT ADDED ENTRY--UNIFORM TITLE
Uniform title Dynamique -- Pepbibl -- Recherche -- Science -- Social -- Sociologie -- Vdobibl
700 ## - ADDED ENTRY--PERSONAL NAME
Personal name Marc de Schoutheete; Jacques Herman
942 ## - ADDED ENTRY ELEMENTS (KOHA)
Source of classification or shelving scheme Dewey Decimal Classification
Koha item type Books
Holdings
Withdrawn status Lost status Source of classification or shelving scheme Damaged status Not for loan Home library Current library Date acquired Total Checkouts Full call number Barcode Date last seen Price effective from Koha item type
    Dewey Decimal Classification     مكتبة المطبعة - سن الفيل مكتبة المطبعة - سن الفيل 06/10/2020   300.18 B914d crdp019576 06/10/2020 06/10/2020 Books